00547nam a2200217Ia 4500008004000000041000800040082001100048100001500059245009300074260003900167300001000206650001300216650001600229650001600245650001300261650001100274650001100285650000800296650001200304650001300316210210b1950 xxu||||| |||| 00| 0 eng d aeng a383/16 aBAHL (J C) aSecretarial practice in India: a manual for students of commerce and company secretaries aBombaybN M Tripathi pvt ltdc1950 av,364 astudents asecretaries aSecretarial apractice amanual aIndia: afor acompany acommerce